000 00663cam a22002293a 4500
001 12783
003 PGUSA
005 20140828083256.0
008 040629s2004||||xxu|||||s|||||000 1 eng d
040 _aPGUSA
_beng
042 _adc
050 4 _aPZ
100 1 _aSégur, Sophie, comtesse de,
_d1799-1874
245 1 0 _aLes Mémoires d'un âne.
_h[electronic resource] /
_cSophie, comtesse de Ségur
260 _bProject Gutenberg,
_c2004
506 _aPublic domain in the USA.
516 _aElectronic text
653 _aDonkeys -- Juvenile fiction
830 0 _aProject Gutenberg
_v12783
856 4 0 _uhttp://www.gutenberg.org/ebooks/12783
942 _cEB
999 _c242038
_d242038